000 01268nam a22002537a 4500
005 20080930143327.0
008 080930t xxu||||| |||| 00| 0 hin d
010 _aHIN-84228
020 _c65.00
_a8123013213
035 _aHN-56574
037 _bDBAD / PUB
040 _aDPL
_bHN
082 _a808.883
100 _aभट्ट, कमलेश कमल
245 _aसंस्कृति के पड़ाव /
_cकमलेश भट्ट कमल; अंजनी भूषण द्वारा संपादित
260 _aनई दिल्ली
_bप्रकाशन विभाग
_c2006
270 _aप्रकाशन विभाग, सूचना और प्रसारण मंत्रालय, भारत सरकार, सूचना भवन
_bनई दिल्ली
_e110003
300 _a98पृ
_c22सेमी (अजिल्द)
650 _aMemory
650 _aस्मृति
700 _aअंजनी भूषण
942 _2ddc
_cHN
_mभट्टक
_h808.883
999 _c16051
_d16051